000 00410nam a22001217a 4500
082 _a200 THE
100 _aSALEHA SAMAD
_970176
245 _aTH-SOF-1102-Orientation In-Variance object Recognition using Geometric Moments and Color Histograms
260 _aIslamabad
_bNUST College of EME
_c2014
650 _aMS-COMPUTER ENGINEERING-69 MSTHESIS
700 _aSupervison DR SHOAB A.KHAN
_970177
942 _cCF
999 _c577202
_d577202